[Event "zonal 1.5"]
[Site "Panormo GRE"]
[Date "1998.10.31"]
[Round "8"]
[White "Gelashvili, Tamaz"]
[Black "Tsichlis, Georgios"]
[Result "1-0"]
[WhiteElo "2510"]
[BlackElo "2145"]
[EventDate "1998.10.24"]
[PlyCount "133"]

1.e4 e5 2.Nf3 Nc6 3.Bb5 Nd4 4.Nxd4 exd4 5.O-O Bc5 6.Bc4 d6 7.d3 c6 8.Nd2 
Ne7 9.Qh5 O-O 10.Nf3 d5 11.Bb3 f6 12.exd5 cxd5 13.Qh4 Nf5 14.Qe4 Ne7 15.h3
a5 16.a4 Ra6 17.Qe2 Be6 18.c3 dxc3 19.bxc3 Bf7 20.d4 Bd6 21.Bd2 Re8 22.
Rfe1 Bb8 23.Qf1 Qc7 24.g3 Qd7 25.Bc2 Bh5 26.Nh4 g5 27.Qd3 Nc8 28.Rxe8+ 
Bxe8 29.Re1 Nd6 30.Nf5 Ne4 31.g4 Qc7 32.f4 Bg6 33.Bb3 Nxd2 34.Bxd5+ Kf8 
35.Qxd2 Bxf5 36.gxf5 Qxf4 37.Qe2 Qg3+ 38.Bg2 Qh2+ 39.Kf1 Qf4+ 40.Bf3 Bd6 
41.Qe8+ Kg7 42.Qd7+ Kh6 43.Qxb7 Rb6 44.Qe4 Rb3 45.Qxf4 Bxf4 46.Re7 Rxc3 
47.Ke2 Rc7 48.Re6 Rc4 49.Rxf6+ Kg7 50.Ra6 Rxd4 51.Rxa5 Rd2+ 52.Kf1 Kf6 53.
Bg4 Rd6 54.Ke2 Be5 55.Ra8 h5 56.Bxh5 Kxf5 57.a5 Bd4 58.a6 Re6+ 59.Kd3 Ke5 
60.Bg4 Re7 61.Rg8 Ba7 62.Rxg5+ Kf6 63.Rg8 Kf7 64.Rc8 Kg6 65.h4 Re3+ 66.Kd2
Ra3 67.Rc6+ 1-0

[Event "zonal 1.5"]
[Site "Panormo GRE"]
[Date "1998.10.31"]
[Round "8"]
[White "Mastrovasilis, Athanasios"]
[Black "Gogolis, Alexandros"]
[Result "1-0"]
[WhiteElo "2315"]
[BlackElo "2260"]
[EventDate "1998.10.24"]
[PlyCount "81"]

1.d4 Nf6 2.c4 e6 3.Nc3 Bb4 4.e3 Bxc3+ 5.bxc3 d6 6.Bd3 e5 7.e4 Qe7 8.f3 c5 
9.Ne2 Nbd7 10.O-O Nf8 11.Qc2 Ng6 12.f4 Qc7 13.Kh1 Bd7 14.Ng3 h6 15.fxe5 
dxe5 16.Nf5 Kf8 17.Qf2 Bxf5 18.exf5 Nf4 19.Bc2 N4h5 20.Ba3 e4 21.Qh4 Kg8 
22.Bd1 cxd4 23.cxd4 Qa5 24.Be7 Re8 25.Bd6 g5 26.fxg6 fxg6 27.c5 Qc3 28.
Bxh5 Nxh5 29.Qg4 Kh7 30.Qd7+ Ng7 31.Be5 Rxe5 32.dxe5 Qxe5 33.Qxb7 e3 34.c6
e2 35.Rfe1 Rf8 36.Qxa7 h5 37.Rac1 h4 38.c7 h3 39.Qg1 Qe4 40.c8=Q Rxc8 41.
Rxc8 1-0

[Event "zonal 1.5"]
[Site "Panormo GRE"]
[Date "1998.10.31"]
[Round "8"]
[White "Psomiadis, Stavros"]
[Black "Edzgveradze, Natalia"]
[Result "0-1"]
[WhiteElo "2155"]
[BlackElo "2310"]
[EventDate "1998.10.24"]
[PlyCount "71"]

1.e4 c6 2.d4 d5 3.Nd2 dxe4 4.Nxe4 Bf5 5.Ng3 Bg6 6.h4 h6 7.Nf3 Nf6 8.h5 Bh7
9.Bd3 Bxd3 10.Qxd3 e6 11.Bd2 Be7 12.O-O-O Nbd7 13.Kb1 O-O 14.Ne2 c5 15.Bc3
Qc7 16.Ne5 Rfd8 17.Nxd7 Rxd7 18.Qf3 Rad8 19.Kc1 Qd6 20.a3 e5 21.Ng3 cxd4 
22.Bb4 Qe6 23.Bxe7 Rxe7 24.Kb1 Rc8 25.Rh3 Rec7 26.Nf5 Rxc2 27.Rg3 Ne8 28.
Qg4 Kf8 29.Qe4 Rxf2 30.Nxh6 gxh6 31.Qxb7 Qb6 32.Qxb6 axb6 33.Rb3 Rc6 34.
Re1 Re6 35.g4 Rg2 36.Rb5 0-1

[Event "zonal 1.5"]
[Site "Panormo GRE"]
[Date "1998.10.31"]
[Round "8"]
[White "Borg, Andrew"]
[Black "Simeonidis, Ioannis"]
[Result "1/2-1/2"]
[WhiteElo "2150"]
[BlackElo "2310"]
[EventDate "1998.10.24"]
[PlyCount "68"]

1.d4 Nf6 2.c4 e6 3.g3 Bb4+ 4.Bd2 Be7 5.Bg2 d5 6.Nf3 O-O 7.O-O c6 8.Qc2 
Nbd7 9.Bg5 h6 10.Bxf6 Nxf6 11.Nbd2 b6 12.e4 Bb7 13.e5 Nd7 14.cxd5 cxd5 15.
Rac1 Rc8 16.Qb1 Nb8 17.Rxc8 Qxc8 18.Rc1 Qd7 19.Bf1 Rc8 20.a3 Rc7 21.b4 Qc8
22.Rxc7 Qxc7 23.Qb2 Nc6 24.Qc3 Bd8 25.Kg2 a5 26.b5 Nb8 27.Qxc7 Bxc7 28.Ne1
f6 29.f4 Nd7 30.Kf2 Bd8 31.Nd3 Be7 32.a4 Nf8 33.Bh3 Bc8 34.Nb1 f5 1/2-1/2

[Event "zonal 1.5"]
[Site "Panormo GRE"]
[Date "1998.10.31"]
[Round "8"]
[White "Chilov, Alexandros"]
[Black "Pappas, Konstantinos"]
[Result "1-0"]
[WhiteElo "2205"]
[BlackElo "2155"]
[EventDate "1998.10.24"]
[PlyCount "67"]

1.d4 Nf6 2.Nf3 g6 3.g3 Bg7 4.Bg2 d6 5.O-O O-O 6.c4 Nc6 7.Nc3 a6 8.d5 Na5 
9.Nd2 c5 10.Qc2 Rb8 11.b3 b5 12.Bb2 e5 13.dxe6 Bxe6 14.Nd1 bxc4 15.bxc4 
Bh6 16.f4 Bg7 17.Rc1 Ng4 18.Bxg7 Kxg7 19.Qc3+ f6 20.h3 Nh6 21.Ne3 Nf5 22.
Nxf5+ Bxf5 23.g4 Bd7 24.Ne4 Rb4 25.Nxd6 Bxg4 26.Rfd1 Bd7 27.Qe3 Rb2 28.Rd3
Rxa2 29.Rcd1 Kh8 30.Ne4 Nxc4 31.Qxc5 Qb6 32.Rxd7 Rxe2 33.Qxb6 Nxb6 34.Rb7 
1-0

[Event "zonal 1.5"]
[Site "Panormo GRE"]
[Date "1998.10.31"]
[Round "8"]
[White "Karapanos, Nikolaos"]
[Black "Bras, Emanouel"]
[Result "1-0"]
[WhiteElo "2245"]
[BlackElo "2105"]
[EventDate "1998.10.24"]
[PlyCount "43"]

1.d4 d5 2.c4 c6 3.Nf3 Nf6 4.Nc3 e6 5.Bg5 h6 6.Bxf6 Qxf6 7.Qb3 Nd7 8.e3 Qf5
9.O-O-O dxc4 10.Bxc4 Qa5 11.Bxe6 fxe6 12.Qxe6+ Kd8 13.d5 c5 14.d6 b5 15.
Ne4 Qa4 16.Ne5 Nxe5 17.Qxe5 Bb7 18.Nxc5 Rc8 19.Kb1 Rxc5 20.Qxc5 Qa5 21.Qe5
Qb4 22.Rd4 1-0

[Event "zonal 1.5"]
[Site "Panormo GRE"]
[Date "1998.11.01"]
[Round "9"]
[White "Nikolaidis, Ioannis"]
[Black "Bagaturov, Giorgi"]
[Result "1/2-1/2"]
[WhiteElo "2530"]
[BlackElo "2540"]
[EventDate "1998.10.24"]
[PlyCount "43"]

1.d4 Nf6 2.c4 e6 3.g3 c5 4.Nf3 cxd4 5.Nxd4 d5 6.Bg2 e5 7.Nf3 d4 8.O-O Nc6 
9.e3 Bc5 10.exd4 exd4 11.Re1+ Be6 12.Ng5 O-O 13.Nxe6 fxe6 14.Nd2 Qb6 15.
Nb3 Rae8 16.Nxc5 Qxc5 17.b3 e5 18.Bg5 Qd6 19.Bxf6 Qxf6 20.Qd2 Qd6 21.a3 a5
22.Be4 1/2-1/2

[Event "zonal 1.5"]
[Site "Panormo GRE"]
[Date "1998.11.01"]
[Round "9"]
[White "Sturua, Zurab"]
[Black "Tzermiadianos, Andreas"]
[Result "1-0"]
[WhiteElo "2600"]
[BlackElo "2465"]
[EventDate "1998.10.24"]
[PlyCount "115"]

1.Nf3 Nf6 2.d4 g6 3.c4 Bg7 4.Nc3 O-O 5.e4 d6 6.Be2 e5 7.Be3 exd4 8.Nxd4 
Re8 9.f3 Nc6 10.Qd2 Nh5 11.O-O f5 12.Nxc6 bxc6 13.Rad1 Qe7 14.Rfe1 Be5 15.
Bg5 Qf7 16.exf5 gxf5 17.f4 Bg7 18.Nd5 cxd5 19.Bxh5 Qxh5 20.Qxd5+ Be6 21.
Rxe6 Rxe6 22.Qxe6+ Qf7 23.Qxf7+ Kxf7 24.b3 Re8 25.Kf2 h6 26.Bh4 Re4 27.Kf3
h5 28.Bf2 a6 29.h3 Re8 30.Rd5 Ke6 31.g4 hxg4+ 32.hxg4 fxg4+ 33.Kxg4 Bc3 
34.Rd3 Rg8+ 35.Kf3 Bf6 36.Rd5 c6 37.Ra5 Ra8 38.Rh5 d5 39.Bg3 Rh8 40.f5+ 
Kf7 41.Rxh8 Bxh8 42.cxd5 cxd5 43.Ke3 Bb2 44.Bh4 Be5 45.Kd3 Kg7 46.b4 Kf7 
47.a4 Bd6 48.b5 axb5 49.axb5 Bc5 50.Bg5 Bg1 51.Be3 Bh2 52.Bd4 Bd6 53.Ke3 
Bb8 54.Kf3 Bd6 55.Kg4 Bb8 56.Kg5 Bd6 57.f6 Bb8 58.Kf5 1-0

[Event "zonal 1.5"]
[Site "Panormo GRE"]
[Date "1998.11.01"]
[Round "9"]
[White "Drasko, Milan"]
[Black "Tosic, Miroslav"]
[Result "1/2-1/2"]
[WhiteElo "2515"]
[BlackElo "2525"]
[EventDate "1998.10.24"]
[PlyCount "23"]

1.d4 Nf6 2.c4 g6 3.Nf3 Bg7 4.g3 O-O 5.Bg2 c6 6.Nc3 d5 7.cxd5 cxd5 8.Ne5 e6
9.O-O Nbd7 10.Nd3 Ne8 11.e3 Nd6 12.b3 1/2-1/2

[Event "zonal 1.5"]
[Site "Panormo GRE"]
[Date "1998.11.01"]
[Round "9"]
[White "Grivas, Efstratios"]
[Black "Gelashvili, Tamaz"]
[Result "1/2-1/2"]
[WhiteElo "2520"]
[BlackElo "2510"]
[EventDate "1998.10.24"]
[PlyCount "221"]

1.Nf3 Nf6 2.c4 e6 3.g3 b6 4.Bg2 Bb7 5.d4 Bb4+ 6.Bd2 Be7 7.Nc3 O-O 8.O-O d5
9.cxd5 Nxd5 10.Nxd5 exd5 11.b4 c6 12.a4 Bd6 13.Qb3 Nd7 14.Bg5 Qe8 15.Rfe1 
h6 16.Bf4 Qb8 17.e3 Bxf4 18.exf4 Qd6 19.Ne5 Nf6 20.Re3 Bc8 21.Rc1 Bd7 22.
Nxd7 Qxd7 23.Rec3 Rac8 24.Qc2 Rfe8 25.b5 c5 26.dxc5 bxc5 27.Rxc5 Rxc5 28.
Qxc5 Rd8 29.Qd4 Qe7 30.h3 h5 31.Qc5 Qd7 32.Qc7 Kf8 33.Kf1 Qe7 34.Qxe7+ 
Kxe7 35.Ke2 Kd7 36.Kd3 Re8 37.Bf3 Re6 38.Kd4 a6 39.g4 hxg4 40.hxg4 Ne4 41.
Rc2 axb5 42.axb5 Nd6 43.Rb2 Nc4 44.Ra2 Nd6 45.Kc5 d4 46.b6 d3 47.Rd2 Re4 
48.Rb2 Nb7+ 49.Kd5 Rxf4 50.Be4 Rf6 51.Bf5+ Kd8 52.Bxd3 Rd6+ 53.Kc4 Rc6+ 
54.Kd4 Rd6+ 55.Ke3 Re6+ 56.Kf4 Rf6+ 57.Bf5 Rd6 58.Be4 Kc8 59.Rb5 Nd8 60.g5
Kb8 61.Ke5 Re6+ 62.Kf5 Nc6 63.Bxc6 Rxc6 64.b7 Rd6 65.f4 g6+ 66.Ke5 Re6+ 
67.Kd4 Re1 68.Kd5 Re6 69.Rb4 Re7 70.Kd6 Re1 71.Kd7 Re6 72.Kd8 f5 73.gxf6 
Rxf6 74.Ke7 Rf5 75.Ke6 Rf8 76.Ke5 Rf5+ 77.Ke4 Rf6 78.Rb5 Re6+ 79.Kf3 Rf6 
80.Kg4 Rd6 81.Kg5 Rc6 82.Rb4 Rd6 83.Kh6 Rc6 84.Kg7 Rd6 85.Kf7 Rc6 86.Re4 
Kxb7 87.Re6 Rc4 88.Rf6 Kc7 89.Kxg6 Kd7 90.Kf7 Re4 91.Rf5 Rd4 92.Rf6 Re4 
93.Kg6 Ke8 94.Kf5 Ra4 95.Rb6 Kf7 96.Kg5 Ra7 97.f5 Kg7 98.Rg6+ Kf7 99.Rh6 
Ra1 100.Rh7+ Kg8 101.Re7 Ra6 102.Re6 Ra7 103.Kf6 Rf7+ 104.Ke5 Ra7 105.Kf6 
Rf7+ 106.Kg5 Rg7+ 107.Rg6 Kh7 108.Kf6 Rxg6+ 109.fxg6+ Kh8 110.g7+ Kg8 111.
Kg6 1/2-1/2

[Event "zonal 1.5"]
[Site "Panormo GRE"]
[Date "1998.11.01"]
[Round "9"]
[White "Duric, Stefan"]
[Black "Papaioannou, Ioannis"]
[Result "1/2-1/2"]
[WhiteElo "2500"]
[BlackElo "2520"]
[EventDate "1998.10.24"]
[PlyCount "66"]

1.e4 c6 2.d4 d5 3.Nc3 dxe4 4.Nxe4 Nd7 5.Bc4 Ndf6 6.Nxf6+ Nxf6 7.c3 Qc7 8.
Ne2 Bf5 9.Bf4 Qd7 10.O-O e6 11.a4 Be7 12.Re1 Nd5 13.Bd2 h5 14.Nf4 Nxf4 15.
Bxf4 g5 16.Be3 h4 17.b4 O-O-O 18.f3 Bd6 19.h3 Bc7 20.b5 Qd6 21.bxc6 bxc6 
22.Kf1 Qh2 23.Bg1 Qh1 24.Qb3 Kd7 25.Qa2 Rb8 26.Re5 Rhd8 27.Rxf5 exf5 28.
Bxf7 Bh2 29.Kf2 Kc7 30.Bg6 g4 31.Bxf5 g3+ 32.Ke3 Bxg1+ 33.Kd3 Rd5 1/2-1/2

[Event "zonal 1.5"]
[Site "Panormo GRE"]
[Date "1998.11.01"]
[Round "9"]
[White "Zaichik, Gennadi"]
[Black "Janjgava, Lasha"]
[Result "1-0"]
[WhiteElo "2505"]
[BlackElo "2490"]
[EventDate "1998.10.24"]
[PlyCount "95"]

1.e4 c5 2.Nf3 d6 3.d4 cxd4 4.Nxd4 Nf6 5.Nc3 a6 6.h3 e6 7.g4 b5 8.Bg2 Bb7 
9.g5 Nfd7 10.Be3 Nb6 11.f4 Nc4 12.Bc1 b4 13.Nce2 d5 14.e5 g6 15.b3 Nb6 16.
h4 h5 17.Bb2 Nc6 18.Nxc6 Bxc6 19.Nd4 Bb7 20.Qd2 Bc5 21.O-O-O Qe7 22.Kb1 
O-O-O 23.Bf1 Rd7 24.f5 gxf5 25.Nxf5 exf5 26.e6 Rdd8 27.Bxh8 Rxh8 28.exf7 
Qxf7 29.Bh3 Qc7 30.Bxf5+ Kb8 31.g6 Bf8 32.Rhf1 a5 33.Bd3 Bh6 34.Qe1 Bf4 
35.Qe6 Bc8 36.g7 Rd8 37.g8=Q Bxe6 38.Qxe6 Ka7 39.Rde1 Rd7 40.Bb5 Rg7 41.
Qf6 Bd2 42.Re8 Bc3 43.Qd8 Qb7 44.Rg8 Rc7 45.Rg6 d4 46.Bd3 Rd7 47.Qe8 Qc7 
48.Rf5 1-0

[Event "zonal 1.5"]
[Site "Panormo GRE"]
[Date "1998.11.01"]
[Round "9"]
[White "Mchedlishvili, Mikheil"]
[Black "Atalik, Suat"]
[Result "1/2-1/2"]
[WhiteElo "2390"]
[BlackElo "2585"]
[EventDate "1998.10.24"]
[PlyCount "88"]

1.d4 Nf6 2.Nf3 g6 3.c4 Bg7 4.Nc3 d5 5.Bg5 Ne4 6.cxd5 Nxg5 7.Nxg5 e6 8.Qd2 
exd5 9.Qe3+ Kf8 10.Qf4 Bf6 11.h4 h6 12.Nf3 Be6 13.O-O-O Nd7 14.Kb1 c6 15.
e3 Qb8 16.Qxb8+ Rxb8 17.Bd3 Kg7 18.h5 g5 19.Ne2 Be7 20.Ng3 Bd6 21.Nf5+ 
Bxf5 22.Bxf5 Nf6 23.a3 Rhe8 24.Nd2 b6 25.g4 c5 26.Rhe1 Re7 27.Ka2 Rbe8 28.
dxc5 bxc5 29.Nf3 Rb7 30.Re2 Reb8 31.Rc2 Rb6 32.Rb1 c4 33.Nd2 Bb4 34.Rd1 
Bxd2 35.Rdxd2 Rb3 36.Rd4 Kf8 37.Rcd2 Re8 38.Bc2 Rb6 39.Bf5 Re5 40.Bc2 Kg7 
41.Re2 Re7 42.Bf5 Rb3 43.Bc2 Rb6 44.Bf5 Rb3 1/2-1/2

[Event "zonal 1.5"]
[Site "Panormo GRE"]
[Date "1998.11.01"]
[Round "9"]
[White "Seitaj, Ilir"]
[Black "Miladinovic, Igor"]
[Result "0-1"]
[WhiteElo "2395"]
[BlackElo "2555"]
[EventDate "1998.10.24"]
[PlyCount "78"]

1.e4 c6 2.d4 d5 3.exd5 cxd5 4.c4 e6 5.Nf3 Nc6 6.Nc3 Nf6 7.cxd5 exd5 8.Bb5 
Bb4 9.O-O O-O 10.Bxc6 bxc6 11.Ne5 Ba6 12.Re1 Bxc3 13.bxc3 Ne4 14.Ba3 Re8 
15.Qc2 Qc7 16.f3 Nd6 17.Bxd6 Qxd6 18.Qf5 Re7 19.Re3 f6 20.Ng4 Rxe3 21.Nxe3
g6 22.Qc2 Re8 23.Re1 Qf4 24.Qf2 Kf7 25.Nc2 Rxe1+ 26.Qxe1 Bc4 27.a3 Qb8 28.
Qc1 a5 29.Ne3 Bd3 30.Qd1 Ba6 31.Qc2 Qb5 32.Kf2 a4 33.Ke1 h5 34.g3 f5 35.f4
c5 36.dxc5 Qxc5 37.Qd2 Bb7 38.Qd4 Qxa3 39.Nxd5 Qa1+ 0-1

[Event "zonal 1.5"]
[Site "Panormo GRE"]
[Date "1998.11.01"]
[Round "9"]
[White "Shengelia, Davit"]
[Black "Lputian, Smbat"]
[Result "0-1"]
[WhiteElo "2310"]
[BlackElo "2615"]
[EventDate "1998.10.24"]
[PlyCount "124"]

1.e4 e6 2.d4 d5 3.exd5 exd5 4.Nf3 Nf6 5.Bg5 Be7 6.Bd3 h6 7.Bh4 O-O 8.O-O 
Nc6 9.c3 Nh5 10.Bxe7 Nxe7 11.g3 Bg4 12.Nbd2 Ng6 13.Re1 Qf6 14.Be2 Qb6 15.
Qb3 Rfe8 16.Qxb6 axb6 17.a3 Nf6 18.Bd3 Ne4 19.Kg2 Bh3+ 20.Kg1 Bf5 21.Nxe4 
Bxe4 22.Bxe4 dxe4 23.Nd2 f5 24.f3 e3 25.Nc4 f4 26.a4 Re7 27.b3 Rf8 28.Kg2 
Rf5 29.Rad1 Rg5 30.Ne5 Nxe5 31.dxe5 Rexe5 32.Rd4 Ref5 33.c4 h5 34.Re4 h4 
35.g4 Rf6 36.Rd1 Rgg6 37.Rd8+ Kh7 38.Ree8 Rg5 39.Kh3 Rd6 40.Rc8 Rc5 41.Re4
Rd3 42.Rf8 e2 43.Rxe2 Rxf3+ 44.Kg2 Rxb3 45.Rxf4 Rb4 46.Re7 Rcxc4 47.Rff7 
Rxg4+ 48.Kh3 c5 49.Rxb7 Rg6 50.Rf5 Rd6 51.Rg5 Rd3+ 52.Kg2 Rb2+ 53.Kh1 Rd1+
54.Rg1 Rxg1+ 55.Kxg1 c4 56.Rc7 Rc2 57.h3 c3 58.Kf1 Kh6 59.Rc6+ Kg5 60.Rxb6
Rh2 61.Rc6 c2 62.Ke1 Rxh3 0-1

[Event "zonal 1.5"]
[Site "Panormo GRE"]
[Date "1998.11.01"]
[Round "9"]
[White "Vouldis, Angelos"]
[Black "Solak, Dragan"]
[Result "1-0"]
[WhiteElo "2475"]
[BlackElo "2425"]
[EventDate "1998.10.24"]
[PlyCount "89"]

1.e4 c5 2.Nf3 e6 3.d4 cxd4 4.Nxd4 a6 5.Nc3 Qc7 6.Bd3 b5 7.O-O Bb7 8.a3 Nf6
9.Be3 Nc6 10.Nxc6 Bxc6 11.Qe2 Be7 12.f4 d6 13.Rae1 Nd7 14.Qh5 e5 15.Nd5 
Bxd5 16.exd5 Bf6 17.c3 Kf8 18.Kh1 Re8 19.f5 Ke7 20.Qf3 Nb6 21.Be4 Rb8 22.
Re2 Qc4 23.g4 h6 24.Rg1 a5 25.Bd2 Qb3 26.Be1 Nc4 27.h4 b4 28.cxb4 Qxf3+ 
29.Bxf3 axb4 30.Bxb4 Bxh4 31.Rc1 Rhc8 32.Rc3 Kd7 33.Rec2 Nb6 34.Rc6 Rxc6 
35.Rxc6 Nc8 36.f6 g6 37.g5 h5 38.Bg2 Ke8 39.Bh3 Na7 40.Rc7 Nb5 41.Re7+ Kf8
42.a4 Bxg5 43.axb5 Bxf6 44.Bxd6 Rb6 45.Re6+ 1-0

[Event "zonal 1.5"]
[Site "Panormo GRE"]
[Date "1998.11.01"]
[Round "9"]
[White "Olcayoz, Alper"]
[Black "Kovacevic, Aleksandar"]
[Result "1/2-1/2"]
[WhiteElo "2345"]
[BlackElo "2495"]
[EventDate "1998.10.24"]
[PlyCount "69"]

1.d4 Nf6 2.Nf3 c5 3.c3 cxd4 4.cxd4 g6 5.Nc3 d5 6.Bf4 Bg7 7.e3 O-O 8.h3 Qb6
9.Rb1 Nc6 10.a3 Bf5 11.Bd3 Bxd3 12.Qxd3 Rac8 13.O-O Na5 14.Ne5 Qb3 15.Qd1 
Rfd8 16.Nd3 e6 17.Qe2 b6 18.Bg5 h6 19.Bxf6 Bxf6 20.Rbc1 Nc4 21.Nb1 e5 22.
Rc3 Qa2 23.dxe5 Bxe5 24.Nxe5 Nxe5 25.Qc2 Rxc3 26.Nxc3 Qc4 27.Rd1 Nc6 28.
Qe2 Qxe2 29.Nxe2 Kf8 30.Nd4 Nxd4 31.Rxd4 Ke7 32.Kf1 Ke6 33.Ke2 Rc8 34.Kd2 
a5 35.b3 1/2-1/2

[Event "zonal 1.5"]
[Site "Panormo GRE"]
[Date "1998.11.01"]
[Round "9"]
[White "Dervishi, Erald"]
[Black "Khachian, Melikset"]
[Result "1-0"]
[WhiteElo "2430"]
[BlackElo "2370"]
[EventDate "1998.10.24"]
[PlyCount "107"]

1.e4 e5 2.Nf3 Nc6 3.Bb5 f5 4.Nc3 fxe4 5.Nxe4 Nf6 6.Nxf6+ Qxf6 7.Qe2 Be7 8.
Bxc6 dxc6 9.Nxe5 Bf5 10.O-O O-O 11.d4 Bd6 12.c3 Rae8 13.Bf4 Bxe5 14.Bxe5 
Qg6 15.Rad1 h5 16.h4 b5 17.f3 Qf7 18.b3 Re6 19.Rfe1 Rfe8 20.Qf2 Qe7 21.Re3
g5 22.hxg5 Qxg5 23.f4 Qh6 24.Rde1 Kf7 25.Bxc7 Rxe3 26.Rxe3 Rxe3 27.Qxe3 
Qe6 28.Be5 a5 29.Qf2 Be4 30.d5 Bxd5 31.Qa7+ Qe7 32.Qxa5 Ke6 33.Qa8 Kf5 34.
Qh8 Qf7 35.Kf2 Ke4 36.Qh6 Kd3 37.Qg5 Qa7+ 38.Kg3 Qg1 39.Qf5+ Be4 40.Qh3 
Ke2 41.Qxh5+ Ke1 42.Qh3 c5 43.Kg4 Bxg2 44.Qg3+ Ke2 45.Kg5 Qf1 46.f5 Be4 
47.Bf4 Kd1 48.f6 Bd5 49.Qg4+ Kc2 50.Qf5+ Qd3 51.Qxd3+ Kxd3 52.Bd6 Kxc3 53.
Bxc5 b4 54.Bxb4+ 1-0

[Event "zonal 1.5"]
[Site "Panormo GRE"]
[Date "1998.11.01"]
[Round "9"]
[White "Pavlovic, Milos"]
[Black "Sargissian, Gabriel"]
[Result "1/2-1/2"]
[WhiteElo "2505"]
[BlackElo "2290"]
[EventDate "1998.10.24"]
[PlyCount "130"]

1.e4 c5 2.Nf3 d6 3.d4 cxd4 4.Nxd4 Nf6 5.Nc3 Nc6 6.Bg5 Bd7 7.Be2 Qa5 8.Bxf6
gxf6 9.O-O Nxd4 10.Qxd4 Rc8 11.Nd5 Qc5 12.Qd3 h5 13.b4 Qc6 14.Qd4 b6 15.
Ba6 Rb8 16.a4 Bg7 17.Ra3 Kf8 18.Rg3 h4 19.Nxe7 Kxe7 20.Rxg7 Be6 21.f4 Rbg8
22.Rxg8 Rxg8 23.Rd1 f5 24.Bd3 h3 25.g3 Rc8 26.a5 bxa5 27.Re1 axb4 28.Qf2 
Kf8 29.exf5 Bc4 30.Bxc4 Qxc4 31.Qxa7 Rc7 32.Qb8+ Kg7 33.f6+ Kh7 34.Qf8 
Qd4+ 35.Kf1 Qxf6 36.Re2 Ra7 37.Qc8 Ra1+ 38.Re1 Rxe1+ 39.Kxe1 Qb2 40.Qxh3+ 
Kg7 41.Qg4+ Kf6 42.Qd1 d5 43.Qd3 Qc1+ 44.Kf2 b3 45.cxb3 Qb2+ 46.Qe2 Qxb3 
47.Qe5+ Kg6 48.h4 Qc2+ 49.Kf3 Qd3+ 50.Kg2 f5 51.Kh2 Qe4 52.Qxe4 dxe4 53.
Kg2 Kh5 54.Kf2 Kg4 55.Kg2 Kh5 56.Kf2 Kg4 57.Ke3 Kh5 58.Kd4 Kg4 59.Ke3 Kh5 
60.Ke2 Kg4 61.Kf2 Kh5 62.Kg1 Kg4 63.Kg2 Kh5 64.Kh3 Kg6 65.Kg2 Kh5 1/2-1/2

[Event "zonal 1.5"]
[Site "Panormo GRE"]
[Date "1998.11.01"]
[Round "9"]
[White "Moutousis, Konstantinos"]
[Black "Mastrovasilis, Athanasios"]
[Result "0-1"]
[WhiteElo "2475"]
[BlackElo "2315"]
[EventDate "1998.10.24"]
[PlyCount "92"]

1.d4 Nf6 2.c4 e6 3.Nc3 Bb4 4.e3 O-O 5.Ne2 Re8 6.a3 Bf8 7.g3 d5 8.cxd5 exd5
9.Bg2 c6 10.O-O Na6 11.f3 c5 12.g4 Nc7 13.b3 a5 14.Ng3 h6 15.Ra2 b5 16.Kh1
c4 17.bxc4 dxc4 18.e4 b4 19.Nce2 Rb8 20.axb4 axb4 21.Ra1 Ba6 22.d5 c3 23.
Re1 b3 24.Nxc3 b2 25.Bxb2 Rxb2 26.e5 Nfxd5 27.Nxd5 Nxd5 28.Rxa6 Rxg2 29.
Rd6 Bxd6 30.Kxg2 Bxe5 31.Kh1 Bxg3 32.hxg3 Rxe1+ 33.Qxe1 Qe7 34.Qd2 Qe5 35.
Kg2 g6 36.Kf2 Kg7 37.Kg2 Nc3 38.Kf2 Qc5+ 39.Kg2 Nb5 40.Qb2+ Nd4 41.Kh3 Qc4
42.Qf2 Qd3 43.f4 Qe4 44.Qg1 Kh7 45.Qd1 Qf3 46.Qg1 Ne2 0-1

[Event "zonal 1.5"]
[Site "Panormo GRE"]
[Date "1998.11.01"]
[Round "9"]
[White "Supatashvili, Khvicha"]
[Black "Chilov, Alexandros"]
[Result "1-0"]
[WhiteElo "2495"]
[BlackElo "2205"]
[EventDate "1998.10.24"]
[PlyCount "49"]

1.d4 d5 2.c4 c6 3.Nf3 Nf6 4.e3 e6 5.Bd3 Nbd7 6.O-O Bd6 7.Nc3 O-O 8.e4 dxe4
9.Nxe4 Nxe4 10.Bxe4 f5 11.Bc2 e5 12.Bg5 Be7 13.Bxe7 Qxe7 14.Nxe5 Nxe5 15.
Re1 Qb4 16.Rxe5 Qxb2 17.c5 Rd8 18.Rb1 Qc3 19.Rb3 Qa5 20.Rbe3 Bd7 21.Bb3+ 
Kh8 22.Rh3 h6 23.Qc1 Kh7 24.Re7 f4 25.Qc2+ 1-0

[Event "zonal 1.5"]
[Site "Panormo GRE"]
[Date "1998.11.01"]
[Round "9"]
[White "Karadeniz, Emre"]
[Black "Minasian, Ara"]
[Result "1/2-1/2"]
[WhiteElo "2220"]
[BlackElo "2450"]
[EventDate "1998.10.24"]
[PlyCount "161"]

1.e4 Nf6 2.e5 Nd5 3.d4 d6 4.Nf3 Bg4 5.Be2 e6 6.c4 Nb6 7.O-O Be7 8.Nc3 O-O 
9.h3 Bh5 10.b3 Nc6 11.Bb2 d5 12.c5 Nd7 13.g4 Bg6 14.Ne1 f6 15.exf6 Bxf6 
16.Na4 Bg5 17.Ng2 Bf4 18.Bb5 e5 19.Bxc6 bxc6 20.dxe5 Bxe5 21.Bxe5 Nxe5 22.
f4 Nd7 23.f5 Bf7 24.Qd4 Qf6 25.Qf4 Rfe8 26.Rae1 Re5 27.Rxe5 Nxe5 28.g5 Qe7
29.Re1 Re8 30.Kh1 Bh5 31.Re3 Bf3 32.f6 Qe6 33.Rxf3 Nxf3 34.Qxf3 gxf6 35.
gxf6 Kf7 36.Qh5+ Kxf6 37.Qxh7 Qf5 38.Qh6+ Kf7 39.Qxc6 Qxh3+ 40.Kg1 Qg3 41.
Qxd5+ Kg6 42.Qc6+ Kf7 43.Qd7+ Re7 44.Qd2 Ke8 45.Nc3 Qe5 46.b4 a5 47.a3 Rd7
48.Qe3 Qxe3+ 49.Nxe3 Rd3 50.Ned1 axb4 51.axb4 c6 52.Kf2 Rd4 53.Ke3 Rxb4 
54.Kd3 Kd7 55.Ne3 Rh4 56.Ne4 Rh3 57.Kd4 Rh4 58.Ke5 Rh1 59.Nf6+ Kc7 60.Ne8+
Kd7 61.Nf6+ Kc7 62.Nf5 Rc1 63.Ne4 Re1 64.Nd4 Kd7 65.Nf3 Rd1 66.Nd4 Re1 67.
Kf5 Rf1+ 68.Ke5 Re1 69.Nf5 Rd1 70.Ne3 Rc1 71.Nf6+ Ke7 72.Nf5+ Kd8 73.Kd6 
Rd1+ 74.Ke5 Kc7 75.Nd4 Rc1 76.Ne4 Rc4 77.Ne6+ Kb8 78.Nf6 Rc1 79.Kd6 Kb7 
80.Nd8+ Kc8 81.Nxc6 1/2-1/2

[Event "zonal 1.5"]
[Site "Panormo GRE"]
[Date "1998.11.01"]
[Round "9"]
[White "Nikolaidis, Konstantinos"]
[Black "Stefanopoulos, Orestis"]
[Result "1-0"]
[WhiteElo "2335"]
[BlackElo "2320"]
[EventDate "1998.10.24"]
[PlyCount "71"]

1.e4 Nf6 2.e5 Nd5 3.d4 d6 4.Nf3 Bg4 5.Be2 c6 6.c4 Nb6 7.Nbd2 dxe5 8.Nxe5 
Bf5 9.Ndf3 e6 10.Ng5 Bb4+ 11.Kf1 O-O 12.g4 Bg6 13.c5 N6d7 14.Nxg6 hxg6 15.
Qb3 Qa5 16.a3 Na6 17.axb4 Qxa1 18.Kg2 b5 19.cxb6 Nxb4 20.b7 Rab8 21.Qxb4 
a5 22.Qb3 a4 23.Qh3 Nf6 24.Bf4 Qxb2 25.Be5 Nh5 26.gxh5 Qd2 27.Bxb8 Rxb8 
28.Qe3 Qxe3 29.fxe3 Rxb7 30.hxg6 fxg6 31.Bc4 Rb2+ 32.Kg3 Kf8 33.Rf1+ Ke8 
34.Nxe6 Rc2 35.Nxg7+ Kd8 36.Be6 1-0

[Event "zonal 1.5"]
[Site "Panormo GRE"]
[Date "1998.11.01"]
[Round "9"]
[White "Karagiannis, Athanasios"]
[Black "Tsichlis, Georgios"]
[Result "1-0"]
[WhiteElo "2365"]
[BlackElo "2145"]
[EventDate "1998.10.24"]
[PlyCount "87"]

1.d4 Nf6 2.Nc3 d5 3.Bg5 Nbd7 4.Qd3 h6 5.Bh4 c6 6.Nf3 g6 7.e4 dxe4 8.Nxe4 
Nxe4 9.Qxe4 g5 10.Bg3 Qa5+ 11.c3 f5 12.Qe6 f4 13.Qg6+ Kd8 14.h4 fxg3 15.
hxg5 Qd5 16.gxh6 Rg8 17.Qc2 Qe6+ 18.Qe2 gxf2+ 19.Kxf2 Nf6 20.h7 Rh8 21.
Qxe6 Bxe6 22.Ng5 Bd5 23.Bd3 Bh6 24.Rxh6 Ng4+ 25.Kg3 Nxh6 26.Rf1 Kd7 27.Kh4
Ng8 28.c4 Be6 29.Re1 Nf6 30.Nxe6 Nxh7 31.Nc5+ Ke8 32.Bg6+ Kf8 33.g4 b6 34.
Nd7+ Kg7 35.Bh5 Rhd8 36.Rxe7+ Kh8 37.d5 cxd5 38.cxd5 Nf8 39.Nf6 Rd6 40.Kg5
Rad8 41.Bf7 Nh7+ 42.Nxh7 Kxh7 43.Be6+ Kh8 44.Kh6 1-0

[Event "zonal 1.5"]
[Site "Panormo GRE"]
[Date "1998.11.01"]
[Round "9"]
[White "Bras, Emanouel"]
[Black "Petsetidi, Maria"]
[Result "1-0"]
[WhiteElo "2105"]
[BlackElo "2090"]
[EventDate "1998.10.24"]
[PlyCount "64"]

1.d4 d5 2.Nf3 Nf6 3.c4 c6 4.cxd5 cxd5 5.Nc3 Nc6 6.Bf4 Bf5 7.Qb3 Qd7 8.e3 
e6 9.Ne5 Qc8 10.Bb5 a6 11.Bxc6+ bxc6 12.Qa4 Rb8 13.Nxc6 Rxb2 14.O-O Bc2 
15.Na7+ Bxa4 16.Nxc8 Bc2 17.Rfc1 Ba3 18.Nb1 Bb4 19.a3 Ba5 20.Na7 Kd7 21.a4
Ra8 22.Nc6 Kxc6 23.Na3 Rc8 24.Rxc2+ Rxc2 25.Nxc2 Kd7 26.Ra2 Ne4 27.f3 Nc3 
28.Rb2 Ne2+ 29.Kf2 Nxf4 30.exf4 Rc4 31.f5 Rxa4 32.fxe6+ Kxe6 1-0